000 00839nam a2200253Ia 4500
003 OSt
005 20220930084947.0
006 a|||||r|||| 00| 0
007 ta
008 220926b |||||||| |||| 00| 0 hin d
024 _a88006
037 _cTheses
040 _aCRL
_cCRL
_bhin
041 _2hin
_ahin
100 _aJain Monica
_9538917
110 _aUniversity of Delhi. Faculty of Music and Fine Arts. Department of Music
_9520437
245 0 _aPanchveen shatabdi se barahveen shatabi tak bhartiya sangeet ke vikas ka vivechnatmak addhyan
260 _c2006
650 _aMUSIC
_917402
700 _a Prof. Najma Parveen Ahmad Gu.
700 _aUniversity of Delhi. Faculty of Music and Fine Arts. Department of Music
_9520438
942 _cDIS
_2CC
999 _c878076
_d878076